00436nam a2200109Ia 4500008004100000050002100041100002100062245011200083260008600195300003300281521001200314140724s9999 xx 000 0 und d aR 11b.B912 2009 aBrusas, Jomarie. 2aA study on the effectiveness of the six month dots program at Pamplona Dos Health Center /cJomarie Brusas. aLas Piñas, Philippines :bSouthville International School and Colleges,cc2009. a66 p. :bcol. Ill. ;c28 cm. aNursing